| 000 | 00694nam a2200229Ia 4500 | ||
|---|---|---|---|
| 003 | OSt | ||
| 005 | 20220923224126.0 | ||
| 006 | a|||||r|||| 00| 0 | ||
| 007 | ta | ||
| 008 | Pun | ||
| 024 | _a226,174 | ||
| 037 | _cTextual | ||
| 040 |
_aARTS _cARTS _bPun |
||
| 041 |
_2Pun _aPun |
||
| 082 | _aO153,3:g(5927), P5 | ||
| 100 |
_aਪਰਮਜੀਤ ਕੈਰ _9156278 |
||
| 245 | 0 | _aਪੰਜਾਬੀ ਕਹਾਣੀ ਵਿਚ ਦਲਿਤ ਸਰੋਕਾਰ | |
| 260 |
_aਚੰਡੀਗ੍ਹੜ _b ਲੋਕਗੀਤ ਪ੍ਰਕਾFਨ _c2005 |
||
| 300 |
_a143ਪੰ _ccm. |
||
| 942 |
_hO153,3:g(5927), P5 _cTEXL _2CC |
||
| 999 |
_c369410 _d369410 |
||